00509nam a22001695i 450000100060000000300090000600500170001500700030003200800410003504000200007610000240009624500890012026000350020930000450024470000290028985200210031848227ES-MaACL20230906161721.0t|950710s1862 fr ||||1| fre d aCAM bspa cCAM1 aChénier, André.10aPoesies / cde André Chénier; édition critique... par L. Becq de Fouquières. aParis : bCharpentier, c1862. aXCI, 403 p., [1] h. de lám. ; c24 cm.1 aBecq de Fouquières, L. aES-MaACLjG-9573